[Event "De los Reyes op 21st"]
[Site "De los Reyes"]
[Date "2019.12.06"]
[Round "7"]
[White "Diaz del Prado, Carlos"]
[Black "Gonzalez Morente, Jose A"]
[Result "1-0"]
[WhiteElo "1286"]
[BlackElo "1476"]
[PlyCount "71"]
[EventDate "2019.11.30"]
[EventType "swiss"]
[EventRounds "9"]
[EventCountry "ESP"]
[SourceTitle "CBM 193 Extra"]
[Source "ChessBase"]
[SourceDate "2020.01.31"]
[SourceVersion "1"]
[SourceVersionDate "2020.01.31"]
[SourceQuality "1"]

1. d4 d5 2. Nf3 Nf6 3. e3 Bg4 4. Bd3 e6 5. Nbd2 Bd6 6. 0-0 0-0 7. Re1 Nbd7 8. e4 dxe4 9. Nxe4 Nxe4 10. Bxe4 Bxf3 11. Qxf3 c6 12. b3 Nf6 13. Bg5 Be7 14. Rad1 Nxe4 15. Bxe7 Qxe7 16. Qxe4 Qa3 17. Ra1 Rad8 18. c3 Qb2 19. Qe3 Rd5 20. Reb1 Qa3 21. c4 Rd7 22. Qc3 Qd6 23. Rd1 c5 24. d5 exd5 25. Rxd5 Qc6 26. Rad1 Rfd8 27. Qf3 Qe6 28. Kf1 Rxd5 29. Rxd5 Rxd5 30. cxd5 Qa6+ 31. Qe2 Qd6 32. Qe8+ Qf8 33. Qe5 Qd8 34. d6 b6 35. Qe7 Qf8 36. Qc7 1-0

[Event "San Sebastian de los Reyes op U2200 2nd"]
[Site "San Sebastian de los Reyes"]
[Date "2019.05.19"]
[Round "4"]
[White "Diaz Guzman, David"]
[Black "Gonzalez Morente, Jose A"]
[Result "0-1"]
[WhiteElo "1144"]
[BlackElo "1462"]
[PlyCount "68"]
[EventDate "2019.05.11"]
[EventType "swiss"]
[EventRounds "6"]
[EventCountry "ESP"]
[SourceTitle "EXT 2024"]
[Source "ChessBase"]
[SourceDate "2023.10.10"]
[SourceVersion "1"]
[SourceVersionDate "2023.10.10"]
[SourceQuality "1"]

1. e4 d5 2. exd5 Qxd5 3. Nc3 Qd6 4. d4 c6 5. Nf3 Bg4 6. Be2 Nf6 7. 0-0 e6 8. h3 Bf5 9. Bg5 Be7 10. Bd3 Bxd3 11. Qxd3 0-0 12. Rfe1 Nbd7 13. Rad1 Rad8 14. Ne2 Nd5 15. Ng3 Bxg5 16. Nxg5 N7f6 17. c4 Nf4 18. Qc2 h6 19. N5e4 Nxe4 20. Nxe4 Qc7 21. Re3 Qe7 22. Rf3 e5 23. b3 Qh4 24. Qc3 Nxh3+ 25. Rxh3 Qxe4 26. Re3 exd4 27. Rxe4 dxc3 28. Rc1 Rd2 29. a3 c2 30. Ree1 Rfd8 31. Rf1 R8d3 32. Ra1 Rd1 33. b4 Rxa1 34. Rxa1 Rd1+ 0-1

[Event "San Sebastian de los Reyes op 20th"]
[Site "San Sebastian"]
[Date "2018.12.07"]
[Round "7"]
[White "Montiel Miguelez, Manuel"]
[Black "Gonzalez Morente, Jose A"]
[Result "1-0"]
[WhiteElo "1814"]
[BlackElo "1449"]
[PlyCount "53"]
[EventDate "2018.12.01"]
[EventType "swiss"]
[EventRounds "9"]
[EventCountry "ESP"]
[SourceTitle "CBM 187 Extra"]
[Source "ChessBase"]
[SourceDate "2018.11.04"]
[SourceVersion "1"]
[SourceVersionDate "2018.11.04"]
[SourceQuality "1"]

1. e4 e5 2. Nf3 Nf6 3. Nxe5 d6 4. Nf3 Nxe4 5. d4 d5 6. Bd3 Bd6 7. c4 c6 8. Nc3 Nxc3 9. bxc3 Qe7+ 10. Be3 Bf4 11. 0-0 Bxe3 12. Re1 0-0 13. Rxe3 Qd6 14. Qc2 h6 15. c5 Qc7 16. Rae1 Be6 17. Qe2 Nd7 18. Ne5 Nxe5 19. Rxe5 Qd7 20. Bc2 Rfe8 21. Qd3 f5 22. g4 g6 23. Qh3 fxg4 24. Qxh6 Bf7 25. Bxg6 Bxg6 26. Qxg6+ Qg7 27. Rxe8+ 1-0

[Event "Tres Cantos op 9th"]
[Site "Tres Cantos"]
[Date "2017.06.28"]
[Round "7"]
[White "Gonzalez Morente, Jose A"]
[Black "Lopez Perez, Inigo"]
[Result "0-1"]
[WhiteElo "1493"]
[BlackElo "1761"]
[PlyCount "86"]
[EventDate "2017.06.22"]
[EventType "swiss"]
[EventRounds "9"]
[EventCountry "ESP"]
[SourceTitle "EXT 2019"]
[Source "ChessBase"]
[SourceDate "2018.10.10"]
[SourceVersion "1"]
[SourceVersionDate "2018.10.10"]
[SourceQuality "1"]

1. c4 c5 2. g3 Nc6 3. Bg2 Nf6 4. Nf3 e5 5. d3 d5 6. cxd5 Nxd5 7. Nc3 Be6 8. 0-0 Be7 9. a3 0-0 10. Nxd5 Bxd5 11. Bd2 Qd6 12. Rb1 Rad8 13. b4 c4 14. b5 Nd4 15. Bb4 Qf6 16. Nxd4 Bxg2 17. Bxe7 Qxe7 18. Nf5 Qf6 19. Kxg2 Qxf5 20. Qa4 cxd3 21. exd3 Rxd3 22. Qxa7 Qf3+ 23. Kg1 Rxa3 24. Qc5 f6 25. Rfd1 h6 26. Qd5+ Qxd5 27. Rxd5 Rf7 28. b6 Rc3 29. Rd8+ Kh7 30. Rb8 Rc6 31. Kg2 Rd7 32. Kf3 Kg6 33. Ke4 Rc3 34. Rb4 Kf7 35. f4 exf4 36. Kxf4 h5 37. Ke4 g5 38. Rd4 Re7+ 39. Kd5 Re5+ 40. Kd6 Rc6+ 41. Kd7 Re7+ 42. Kd8 Re8+ 43. Kd7 Rxb8 0-1

[Event "Tres Cantos op 9th"]
[Site "Tres Cantos"]
[Date "2017.06.25"]
[Round "4"]
[White "Garcia Guitian, Angel"]
[Black "Gonzalez Morente, Jose A"]
[Result "1-0"]
[WhiteElo "1853"]
[BlackElo "1493"]
[PlyCount "55"]
[EventDate "2017.06.22"]
[EventType "swiss"]
[EventRounds "9"]
[EventCountry "ESP"]
[SourceTitle "EXT 2019"]
[Source "ChessBase"]
[SourceDate "2018.10.10"]
[SourceVersion "1"]
[SourceVersionDate "2018.10.10"]
[SourceQuality "1"]

1. c4 c5 2. Nc3 Nc6 3. Nf3 e6 4. g3 g6 5. Bg2 Bg7 6. Rb1 Nge7 7. a3 b6 8. b4 Rb8 9. bxc5 bxc5 10. Rxb8 Nxb8 11. Nb5 Qb6 12. Qc2 a6 13. Nc3 0-0 14. Na4 Qc7 15. Bb2 Bxb2 16. Qxb2 d6 17. Ng5 Nbc6 18. Ne4 e5 19. 0-0 Be6 20. d3 Rb8 21. Qa2 Qa5 22. Nec3 Nd4 23. e3 Nb5 24. Qb2 Bd7 25. cxb5 axb5 26. Ne4 Kg7 27. Nexc5 dxc5 28. Qxe5+ 1-0

[Event "Madrid San Viator op-B 28th"]
[Site "Madrid"]
[Date "2017.06.04"]
[Round "9"]
[White "Gonzalez Morente, Jose A"]
[Black "Rojo Jorge, Angel"]
[Result "0-1"]
[WhiteElo "1481"]
[BlackElo "1416"]
[PlyCount "93"]
[EventDate "2017.03.26"]
[EventType "swiss"]
[EventRounds "9"]
[EventCountry "ESP"]
[SourceTitle "EXT 2019"]
[Source "ChessBase"]
[SourceDate "2018.10.10"]
[SourceVersion "1"]
[SourceVersionDate "2018.10.10"]
[SourceQuality "1"]

1. d4 Nf6 2. Bg5 g6 3. Bxf6 exf6 4. e3 d5 5. c4 c6 6. cxd5 Qxd5 7. Nc3 Qa5 8. Bd3 Bb4 9. Nge2 Bg4 10. Qc2 Nd7 11. 0-0 0-0 12. a3 Bd6 13. Ne4 Bc7 14. b4 Qh5 15. N2g3 Qh6 16. d5 Ne5 17. Nxf6+ Kg7 18. Nxg4 Nxg4 19. h3 Bxg3 20. fxg3 Nxe3 21. Qc3+ Kg8 22. Qc1 Qg5 23. Rf3 Rfe8 24. Kf2 cxd5 25. Rxe3 Rxe3 26. Qxe3 Qf6+ 27. Qf3 Qxa1 28. Qxd5 Qf6+ 29. Qf3 Qd4+ 30. Qe3 Rd8 31. Qxd4 Rxd4 32. Ke3 Rd6 33. Ke4 Kg7 34. Be2 Rd2 35. Bf3 Ra2 36. Kd4 b6 37. b5 Rxa3 38. Kd5 Kf6 39. Kd6 Rb3 40. Kc6 Ke7 41. g4 Rc3+ 42. Kb7 Ra3 43. Be2 Kd6 44. Bc4 f6 45. h4 Rg3 46. Kxa7 Kc7 47. Be6 0-1

[Event "Madrid San Viator op-B 28th"]
[Site "Madrid"]
[Date "2017.05.28"]
[Round "8"]
[White "Tenorio Garcia, Joel"]
[Black "Gonzalez Morente, Jose A"]
[Result "1/2-1/2"]
[WhiteElo "1340"]
[BlackElo "1481"]
[PlyCount "83"]
[EventDate "2017.03.26"]
[EventType "swiss"]
[EventRounds "9"]
[EventCountry "ESP"]
[SourceTitle "EXT 2019"]
[Source "ChessBase"]
[SourceDate "2018.10.10"]
[SourceVersion "1"]
[SourceVersionDate "2018.10.10"]
[SourceQuality "1"]

1. e4 d5 2. exd5 Qxd5 3. Nf3 Bg4 4. Nc3 Qd8 5. Bc4 e6 6. 0-0 Nf6 7. d3 c6 8. Bf4 Bd6 9. Bxd6 Qxd6 10. Re1 0-0 11. Ne4 Qe7 12. h3 Bh5 13. Ng3 Bxf3 14. Qxf3 Nbd7 15. Rad1 Qd6 16. d4 Nd5 17. c3 N7f6 18. Ne4 Nxe4 19. Qxe4 Nf6 20. Qf3 Rad8 21. Bd3 Qd5 22. Qxd5 cxd5 23. b3 b6 24. c4 Rc8 25. Rc1 dxc4 26. bxc4 Rfd8 27. Red1 g6 28. Be2 Kf8 29. Kf1 Ke7 30. f3 Nh5 31. Kf2 Ng7 32. g4 h5 33. Ke3 h4 34. Ke4 Ne8 35. Ke3 g5 36. f4 f6 37. Bf3 Nd6 38. Be2 Nb7 39. Bf3 Na5 40. Be2 Nc6 41. fxg5 fxg5 42. a3 1/2-1/2

[Event "Madrid San Viator op-B 28th"]
[Site "Madrid"]
[Date "2017.05.14"]
[Round "6"]
[White "Gonzalez Morente, Jose A"]
[Black "Rodriguez Munoz, Jesus"]
[Result "1-0"]
[WhiteElo "1481"]
[BlackElo "1211"]
[PlyCount "39"]
[EventDate "2017.03.26"]
[EventType "swiss"]
[EventRounds "9"]
[EventCountry "ESP"]
[SourceTitle "EXT 2019"]
[Source "ChessBase"]
[SourceDate "2018.10.10"]
[SourceVersion "1"]
[SourceVersionDate "2018.10.10"]
[SourceQuality "1"]

1. d4 Nf6 2. c4 e5 3. dxe5 Ng4 4. Nf3 Bc5 5. e3 Nc6 6. Be2 0-0 7. 0-0 Ngxe5 8. b3 d6 9. h3 Bf5 10. Nc3 Nb4 11. e4 Nxf3+ 12. Bxf3 Bd4 13. Qxd4 Nc2 14. Qd1 Nxa1 15. exf5 Qf6 16. Bb2 Nxb3 17. axb3 Qxf5 18. Bxb7 Rab8 19. Be4 Qe5 20. Qc2 1-0

[Event "San Sebastian de los Reyes op 18th"]
[Site "San Sebastian"]
[Date "2016.12.09"]
[Round "7"]
[White "Gonzalez Morente, Jose A"]
[Black "Martin Manzano, Antonio"]
[Result "0-1"]
[WhiteElo "1368"]
[BlackElo "1818"]
[PlyCount "54"]
[EventDate "2016.12.03"]
[EventType "swiss"]
[EventRounds "9"]
[EventCountry "ESP"]
[SourceTitle "CBM 176 Extra"]
[Source "ChessBase"]
[SourceDate "2017.03.02"]
[SourceVersion "1"]
[SourceVersionDate "2017.03.02"]
[SourceQuality "1"]

1. c4 e5 2. Nc3 Bb4 3. Nf3 Nc6 4. g3 f5 5. e4 Bxc3 6. dxc3 fxe4 7. Ng5 Nf6 8. Bg2 d6 9. Nxe4 Bf5 10. Nxf6+ Qxf6 11. 0-0 0-0 12. c5 Rad8 13. Qb3+ Be6 14. Qxb7 Bc4 15. Be3 Bxf1 16. Rxf1 Ne7 17. cxd6 cxd6 18. Qxa7 Nf5 19. Bd2 d5 20. Qa4 e4 21. Be3 Ra8 22. Qb3 Nxe3 23. fxe3 Qg5 24. Rf4 Rfb8 25. Qc2 Rxa2 26. Bxe4 dxe4 27. Rxe4 Rbxb2 0-1

[Event "San Sebastian de los Reyes op 18th"]
[Site "San Sebastian"]
[Date "2016.12.07"]
[Round "5"]
[White "Gonzalez Morente, Jose A"]
[Black "Perez Cameselle, Francisco Jose"]
[Result "0-1"]
[WhiteElo "1368"]
[BlackElo "1754"]
[PlyCount "80"]
[EventDate "2016.12.03"]
[EventType "swiss"]
[EventRounds "9"]
[EventCountry "ESP"]
[SourceTitle "CBM 176 Extra"]
[Source "ChessBase"]
[SourceDate "2017.03.02"]
[SourceVersion "1"]
[SourceVersionDate "2017.03.02"]
[SourceQuality "1"]

1. e4 e5 2. Nf3 Nc6 3. Bc4 Bc5 4. c3 Nf6 5. d4 exd4 6. cxd4 Bb4+ 7. Bd2 Bxd2+ 8. Nbxd2 0-0 9. d5 Ne7 10. e5 Nfxd5 11. 0-0 Nb6 12. Bd3 Ng6 13. Rc1 d6 14. exd6 Qxd6 15. Bb1 c6 16. Re1 Bg4 17. Qc2 Bxf3 18. Nxf3 Rfe8 19. Nh4 Qb4 20. Nf3 Nd5 21. Ne5 Nf6 22. Nf3 Nh4 23. Ne5 Ng6 24. a3 Qf4 25. Nf3 Rxe1+ 26. Rxe1 Re8 27. Rxe8+ Nxe8 28. Ba2 Ne5 29. Nxe5 Qxe5 30. h3 Nd6 31. b4 g6 32. g3 Kg7 33. f4 Qe3+ 34. Qf2 Qxf2+ 35. Kxf2 Nb5 36. a4 Nc3 37. Bb3 Ne4+ 38. Kg2 f5 39. Be6 Kf6 40. Bc8 Nd6 0-1

[Event "Madrid San Viator op-B 27th"]
[Site "Madrid"]
[Date "2016.11.06"]
[Round "7"]
[White "Lopez Martin, Israel"]
[Black "Gonzalez Morente, Jose A"]
[Result "1-0"]
[WhiteElo "1478"]
[BlackElo "1382"]
[PlyCount "76"]
[EventDate "2016.09.25"]
[EventType "swiss"]
[EventRounds "9"]
[EventCountry "ESP"]
[SourceTitle "EXT 2019"]
[Source "ChessBase"]
[SourceDate "2018.10.10"]
[SourceVersion "1"]
[SourceVersionDate "2018.10.10"]
[SourceQuality "1"]

1. e4 e5 2. Nf3 Nc6 3. Bb5 a6 4. Ba4 Bc5 5. c3 d6 6. d4 exd4 7. cxd4 Bb4+ 8. Bd2 Bxd2+ 9. Nbxd2 Bd7 10. 0-0 Nge7 11. Re1 0-0 12. a3 Bg4 13. h3 Bh5 14. d5 Nd4 15. Rc1 c6 16. g4 Nxf3+ 17. Nxf3 b5 18. Bc2 Bg6 19. h4 Qd7 20. Nh2 h6 21. f4 f5 22. gxf5 Nxf5 23. exf5 Bxf5 24. Bxf5 Rxf5 25. dxc6 Qa7+ 26. Kh1 Rxf4 27. Qxd6 Rxh4 28. Qg3 Rh5 29. Re5 Qc7 30. Qb3+ Kh7 31. Rxh5 Rf8 32. Qd3+ Kg8 33. Qd5+ Kh7 34. Rf1 Rd8 35. Qe4+ Kg8 36. Qe6+ Kh7 37. Rd5 Rc8 38. Rf7 Qb6 1-0